Essential business mathematics and business statistics: for BCom Part II (Record no. 141652)

MARC details
000 -LEADER
fixed length control field 00667nam a2200277Ia 4500
008 - FIXED-LENGTH DATA ELEMENTS--GENERAL INFORMATION
fixed length control field 210210b2009 xxu||||| |||| 00| 0 eng d
020 ## - INTERNATIONAL STANDARD BOOK NUMBER
International Standard Book Number 9788180521577
041 ## - LANGUAGE CODE
Language code of text/sound track or separate title eng
082 ## - DEWEY DECIMAL CLASSIFICATION NUMBER
Classification number 510.2465 SONE
100 ## - MAIN ENTRY--PERSONAL NAME
Personal name SONI (R S)
245 ## - TITLE STATEMENT
Title Essential business mathematics and business statistics: for BCom Part II
260 ## - PUBLICATION, DISTRIBUTION, ETC.
Place of publication, distribution, etc. New Delhi
Name of publisher, distributor, etc. Ane Books Pvt. Ltd.
Date of publication, distribution, etc. 2009
300 ## - PHYSICAL DESCRIPTION
Extent x,426
440 ## - SERIES STATEMENT/ADDED ENTRY--TITLE
Title II
650 ## - SUBJECT ADDED ENTRY--TOPICAL TERM
Topical term or geographic name entry element statistics:
650 ## - SUBJECT ADDED ENTRY--TOPICAL TERM
Topical term or geographic name entry element Part
650 ## - SUBJECT ADDED ENTRY--TOPICAL TERM
Topical term or geographic name entry element mathematics
650 ## - SUBJECT ADDED ENTRY--TOPICAL TERM
Topical term or geographic name entry element II
650 ## - SUBJECT ADDED ENTRY--TOPICAL TERM
Topical term or geographic name entry element for
650 ## - SUBJECT ADDED ENTRY--TOPICAL TERM
Topical term or geographic name entry element Essential
650 ## - SUBJECT ADDED ENTRY--TOPICAL TERM
Topical term or geographic name entry element business
650 ## - SUBJECT ADDED ENTRY--TOPICAL TERM
Topical term or geographic name entry element BCom
650 ## - SUBJECT ADDED ENTRY--TOPICAL TERM
Topical term or geographic name entry element and
690 ## - LOCAL SUBJECT ADDED ENTRY--TOPICAL TERM (OCLC, RLIN)
Topical term or geographic name as entry element Business Mathematics
906 ## - LOCAL DATA ELEMENT F, LDF (RLIN)
a 065021
Holdings
Withdrawn status Lost status Source of classification or shelving scheme Damaged status Not for loan Collection code Home library Current library Date acquired Source of acquisition Cost, normal purchase price Total Checkouts Full call number Barcode Date last seen Date last checked out Price effective from Koha item type
    Dewey Decimal Classification     Commerce St Aloysius Library St Aloysius Library 02/17/2021 Athulya Books, Kannur 395.00 1 510.2465 SONE 065021 11/29/2022 08/02/2022 02/17/2021 Book